Regional office market snapshot (Record no. 119377)
[ view plain ]
| 000 -LEADER | |
|---|---|
| fixed length control field | 00990cas a2200229 4500 |
| 001 - CONTROL NUMBER | |
| control field | L157013 |
| 008 - FIXED-LENGTH DATA ELEMENTS--GENERAL INFORMATION | |
| fixed length control field | 120813c2010 eng u |
| 035 ## - SYSTEM CONTROL NUMBER | |
| System control number | (Sirsi) u157013 |
| 041 0# - LANGUAGE CODE | |
| Language code of text/sound track or separate title | eng |
| 110 2# - MAIN ENTRY--CORPORATE NAME | |
| Corporate name or jurisdiction name as entry element | Colliers International |
| 9 (RLIN) | 5548 |
| 245 00 - TITLE STATEMENT | |
| Title | Regional office market snapshot |
| Medium | [electronic resource] |
| 260 ## - PUBLICATION, DISTRIBUTION, ETC. | |
| Place of publication, distribution, etc. | [S.l.] |
| Name of publisher, distributor, etc. | Colliers International |
| Date of publication, distribution, etc. | 2010 |
| 362 0# - DATES OF PUBLICATION AND/OR SEQUENTIAL DESIGNATION | |
| Dates of publication and/or sequential designation | Q3 2010- |
| 490 #0 - SERIES STATEMENT | |
| Series statement | Colliers International Regional Office Market Snapshot |
| Volume/sequential designation | Q3 2010 |
| 520 ## - SUMMARY, ETC. | |
| Summary, etc. | Provides an overview of major regional office markets focusing on all grade and grade A absorption, availability, take-up, and rents. Separate reports cover Birmingham, Bristol, Edinburgh, Glasgow, Leeds, and Manchester. |
| 554 ## - | |
| -- | Quarterly |
| 650 24 - SUBJECT ADDED ENTRY--TOPICAL TERM | |
| Topical term or geographic name entry element | COLLIERS INTERNATIONAL REGIONAL OFFICE SNAPSHOT |
| 651 #4 - SUBJECT ADDED ENTRY--GEOGRAPHIC NAME | |
| Geographic name | United Kingdom |
| 690 ## - LOCAL SUBJECT ADDED ENTRY--TOPICAL TERM (OCLC, RLIN) | |
| Topical term or geographic name as entry element | Commercial property |
| 9 (RLIN) | 6227 |
| 856 40 - ELECTRONIC LOCATION AND ACCESS | |
| Uniform Resource Identifier | <a href="https://www.colliers.com/en-GB/UK/insights/research-the-market">https://www.colliers.com/en-GB/UK/insights/research-the-market</a> |
| Public note | View the report at www.colliers.com |
| 942 ## - ADDED ENTRY ELEMENTS (KOHA) | |
| Suppress in OPAC | 0 |
| Withdrawn status | Lost status | Source of classification or shelving scheme | Damaged status | Not for loan | Home library | Current library | Shelving location | Date acquired | Total Checkouts | Full call number | Barcode | Date last seen | Copy number | Price effective from | Koha item type |
|---|---|---|---|---|---|---|---|---|---|---|---|---|---|---|---|
| Dewey Decimal Classification | Virtual | Virtual | Online | 13/08/2012 | ONLINE PUBLICATION | 157013-2001 | 06/08/2019 | 1 | 06/08/2019 | Book |